Statistics for Greatest distance between two largest cities of a country

Click here to take the quiz!

General Stats

  • This quiz has been taken 64 times
  • The average score is 16 of 25

Answer Stats

DistanceCountryLargest citySecond largest city% Correct
3806 kmUSANew YorkLos Angeles
100%
1263 kmSouth AfricaJohannesbourgCape Town
98%
1138 kmVietnamHo Chi MinhHanoi
98%
1069 kmChinaShanghaiBeijing
97%
504 kmSpainMadridBarcelona
95%
1151 kmIndiaMumbaiDelhi
95%
715 kmAustraliaSydneyMelbourne
95%
634 kmRussiaMoscowSaint Petersburg
95%
661 kmFranceParisMarseille
90%
503 kmCanadaTorontoMontreal
89%
1005 kmPakistanKarachiLahore
87%
845 kmSaudi ArabiaRiyadhJeddah
85%
969 kmKazakhstanAlmatiNur-Sultan
85%
650 kmLibyaTripoliBenghazi
63%
643 kmArgentinaBuenos AiresCordoba
63%
650 kmIndonesiaJakartaSurabaya
60%
1568 kmDemocratic Republic of CongoKinshasaLubumbashi
44%
575 kmMyanmarYangonMandalay
44%
514 kmVenezuelaCaracasMaracaibo
42%
739 kmIranTehranMashhad
39%
761 kmCubaHavanaSantiago de Cuba
26%
764 kmPeruLimaArequipa
24%
851 kmTanzaniaDar es SalamMwanza
10%
523 kmTurkmenistanAshgabatTurkmenbashy
5%
504 kmEthiopiaAddis-AbebaMekelle
2%

Score Distribution

Percentile by Number Answered

Percent of People with Each Score

Your Score History

You have not taken this quiz